| 000 | 00532nam a22001817a 4500 | ||
|---|---|---|---|
| 999 |
_c3698 _d3698 |
||
| 003 | TZ-ArACH | ||
| 005 | 20171010152131.0 | ||
| 008 | 171010b xxu||||| |||| 00| 0 eng d | ||
| 040 | _cTZ-ArACH | ||
| 050 |
_aREF PN6622 _b.K33 |
||
| 100 | _aKader, Mohamed Abu Bakar ebn Abdel | ||
| 245 |
_aMokhtar El Swahah / _cMohamed Abu Bakar ebn Abdel Kader |
||
| 260 |
_aBeirut, Lubnan : _bDar al-Kutub al-'Ilmiyah, _c1990 |
||
| 300 | _c25 cm. | ||
| 650 |
_aArabic language _vDictionaries |
||
| 650 | _aArabic language. | ||
| 942 |
_2lcc _cBOOK |
||